[Event "3ème Open International de Nantes"]
[Site "Nantes"]
[Date "2004.12.29"]
[Round "5.15"]
[White "MAHE, Romain"]
[Black "BIORET, Nicolas"]
[Result "1-0"]
[WhiteElo "1850"]
[BlackElo "2086"]
[PlyCount "85"]
[EventDate "2004.??.??"]
[SourceDate "2005.01.01"]

1. e4 e5 2. Bc4 Nf6 3. Nf3 Nc6 4. Ng5 d5 5. exd5 Na5 6. Bb5+ c6 7. dxc6 bxc6 8.
Be2 h6 9. Nf3 e4 10. Ne5 Qd4 11. f4 Bc5 12. Rf1 Qd6 13. c3 Nd5 14. d4 exd3 15.
Qxd3 Bb6 16. Bd2 Qf6 17. Qf3 O-O 18. Na3 Bc5 19. b4 Be7 20. Nc2 Nb7 21. c4 Nb6
22. Nxc6 Bf5 23. N6d4 Bxc2 24. Nxc2 Qb2 25. Qc3 Qxc3 26. Bxc3 Nd6 27. c5 Ne4
28. Be5 Nd5 29. Bf3 f5 30. O-O-O Rfd8 31. Rfe1 a5 32. a3 axb4 33. Bxe4 fxe4 34.
axb4 e3 35. c6 Nxb4 36. Rxd8+ Rxd8 37. Nxb4 Bxb4 38. c7 Bd2+ 39. Kc2 Rf8 40.
Rb1 Ba5 41. Rb8 Bxc7 42. Rxf8+ Kxf8 43. Bxc7 1-0

[Event "3ème Open International de Nantes"]
[Site "Nantes"]
[Date "2004.12.29"]
[Round "5.21"]
[White "SERVE, Emmanuelle"]
[Black "LEGOUT, Vincent"]
[Result "0-1"]
[WhiteElo "1940"]
[BlackElo "1610"]
[PlyCount "54"]
[EventDate "2004.??.??"]
[SourceDate "2005.01.01"]

1. e4 e5 2. Nf3 Nc6 3. Nc3 Nf6 4. a3 Be7 5. Bb5 d6 6. d4 exd4 7. Nxd4 Bd7 8.
O-O O-O 9. Re1 Nxd4 10. Qxd4 Re8 11. Bg5 h6 12. Bh4 Ng4 13. Bxe7 Rxe7 14. Bxd7
Qxd7 15. h3 Nf6 16. Re3 a6 17. Rae1 Rae8 18. Rg3 Nh5 19. Rf3 Re5 20. Kh2 f5 21.
Rfe3 fxe4 22. Rxe4 Qe6 23. R1e3 Rxe4 24. Rxe4 Qf7 25. Kg1 Rxe4 26. Qxe4 g6 27.
Kf1 Ng3+ 0-1

[Event "3ème Open International de Nantes"]
[Site "Nantes"]
[Date "2004.12.29"]
[Round "5.1"]
[White "CROUAN, Stephane"]
[Black "BERTHELOT, Yannick"]
[Result "1/2-1/2"]
[WhiteElo "2229"]
[BlackElo "2298"]
[PlyCount "26"]
[EventDate "2004.??.??"]
[SourceDate "2005.01.01"]

1. e4 d5 2. exd5 Qxd5 3. Nc3 Qd6 4. d4 Nf6 5. Nf3 a6 6. g3 Bg4 7. Bg2 Nc6 8.
O-O O-O-O 9. Be3 e5 10. dxe5 Nxe5 11. Qe2 Qe6 12. Bg5 Bxf3 13. Bxf3 Nxf3+
1/2-1/2

[Event "3ème Open International de Nantes"]
[Site "Nantes"]
[Date "2004.12.29"]
[Round "5.18"]
[White "SIM, Sylvain"]
[Black "ROUSSEL, Jérôme"]
[Result "1-0"]
[WhiteElo "1950"]
[BlackElo "1650"]
[Annotator "SIM SYLVAIN"]
[PlyCount "47"]
[EventDate "2004.??.??"]
[SourceDate "2005.01.01"]

1. d4 d5 2. Nf3 Nf6 3. e3 e6 4. Bd3 Bd6 5. O-O O-O 6. Nbd2 Nbd7 7. Qe2 c6 8. e4
dxe4 9. Nxe4 Nxe4 10. Qxe4 {le fou c8 n'a pas d'activite} 10... Nf6 11. Qh4 g6
{pour recycler le fou d6 en g7} 12. g4 Re8 13. g5 {apres le depart du cavalier,
ce coup empeche f7 d'avancer sous peine de se creer un pion isole} 13... Nd5 {
Ch5 n'est pas possible car il perd son activite et serait attaque par Ce5
suivi de Fe2 ce qui le forcerait a aller en g7, case destinee au foud6} 14. b3
Bf8 15. c4 Ne7 16. Ne5 Bg7 17. Qf4 {car sinon Fx e5 perd le fou d3} 17... Nf5
18. Bb2 Bxe5 {
mauvais car perd le controle de la diagonale ce qui met en danger le roi noir}
19. Qxe5 Qxg5+ 20. Kh1 Qg4 {
f6 etait meilleur car cela empeche le mat a la suite de d5} 21. f3 Qh5 22. d5
Kf8 23. d6 {enferme le roi noir et menace mat en h8} 23... Ng3+ 24. Qxg3 1-0

[Event "3ème Open International de Nantes"]
[Site "Nantes"]
[Date "2004.12.29"]
[Round "6.1"]
[White "MONROY, Charles"]
[Black "BERTHELOT, Yannick"]
[Result "1/2-1/2"]
[WhiteElo "2299"]
[BlackElo "2298"]
[PlyCount "41"]
[EventDate "2004.??.??"]
[SourceDate "2005.01.01"]

1. Nf3 c5 2. g3 Nc6 3. Bg2 g6 4. O-O Bg7 5. c4 e5 6. Nc3 Nge7 7. d3 O-O 8. a3
d6 9. Rb1 a5 10. Ne1 Be6 11. Nc2 d5 12. cxd5 Nxd5 13. Ne3 Nde7 14. Nc4 Rb8 15.
Nb5 Nd5 16. Bd2 b6 17. Bc3 Qd7 18. a4 Rfd8 19. Bd2 Nc7 20. Nxc7 Qxc7 21. b3
1/2-1/2

[Event "3ème Open International de Nantes"]
[Site "Nantes"]
[Date "2004.12.29"]
[Round "6.2"]
[White "BRUNELLIERE, Pierre"]
[Black "LE GALLO , Frédéric"]
[Result "1-0"]
[WhiteElo "2348"]
[BlackElo "1959"]
[PlyCount "149"]
[EventDate "2004.??.??"]
[SourceDate "2005.01.01"]

1. g3 Nf6 2. Bg2 d5 3. Nf3 g6 4. c4 c6 5. b3 Bg7 6. Bb2 O-O 7. O-O Bf5 8. d3
Qc8 9. Re1 Rd8 10. Nbd2 Bh3 11. Bh1 dxc4 12. bxc4 Na6 13. Rb1 h6 14. Qb3 Nc5
15. Qa3 b6 16. Ne5 Rd6 17. d4 Ne6 18. e3 Ng5 19. c5 Re6 20. f4 Ngh7 21. Nd3 Ng4
22. e4 bxc5 23. Nxc5 Rd6 24. Nf3 Nf8 25. Bg2 Bxg2 26. Kxg2 h5 27. h3 Nh6 28.
Ba1 Ne6 29. Nxe6 Qxe6 30. Qb3 Qd7 31. Qb7 Rd8 32. Qxd7 R6xd7 33. Rec1 Rc8 34.
Rc5 f5 35. e5 Rd5 36. Rb7 Nf7 37. Rxa7 e6 38. Bc3 Bf8 39. Rxd5 cxd5 40. Bd2 Rc2
41. Kf1 Rb2 42. Ke2 Nd8 43. Ra6 Kf7 44. Kd3 Be7 45. h4 Ke8 46. Ne1 Kd7 47. Ra7+
Ke8 48. Kc3 Rb8 49. Ra4 Nc6 50. Nd3 Rc8 51. Kb2 Rb8+ 52. Kc2 Rb5 53. Bc3 Kd7
54. Ra8 Rb7 55. Rg8 Ra7 56. Kb2 Ra4 57. Rg7 Ke8 58. Rxg6 Nxd4 59. Rh6 Ba3+ 60.
Kb1 Ne2 61. Bb2 Bxb2 62. Rxe6+ Kf7 63. Rf6+ Ke7 64. Nxb2 Ra3 65. Rxf5 Nxg3 66.
Rg5 d4 67. f5 Ne4 68. Rg7+ Kf8 69. Rd7 Nc3+ 70. Kc2 Nb5 71. Rd5 Ra5 72. Kd2 Ke7
73. a4 Ra8 74. Rxb5 Rg8 75. Rb7+ 1-0

[Event "3ème Open International de Nantes"]
[Site "Nantes"]
[Date "2004.12.29"]
[Round "6.3"]
[White "FLACHET, Thierry"]
[Black "DELORME, Alban"]
[Result "0-1"]
[WhiteElo "2006"]
[BlackElo "2252"]
[PlyCount "64"]
[EventDate "2004.??.??"]
[SourceDate "2005.01.01"]

1. c4 e6 2. Nc3 d5 3. e4 dxe4 4. Nxe4 c5 5. Nf3 Nc6 6. d3 Nf6 7. Be2 Be7 8. O-O
O-O 9. Bf4 Qb6 10. Qb3 Qxb3 11. axb3 Rd8 12. h3 b6 13. Bc7 Rd7 14. Bxb6 Nxe4
15. dxe4 Rb8 16. Ba5 Bf6 17. e5 Nxe5 18. Nxe5 Bxe5 19. Rad1 Rxb3 20. Rxd7 Bxd7
21. Rd1 Be8 22. Rd8 Kf8 23. Bc3 Bxc3 24. bxc3 a5 25. Rc8 a4 26. Rxc5 a3 27. Ra5
Rb2 28. Bf3 a2 29. Kh2 Rxf2 30. c5 Rc2 31. Ra3 Rxc3 32. Rxa2 Rxc5 0-1

[Event "3ème Open International de Nantes"]
[Site "Nantes"]
[Date "2004.12.29"]
[Round "6.4"]
[White "MACEDO-RASGADINHO, Joaquim"]
[Black "CROUAN, Stephane"]
[Result "0-1"]
[WhiteElo "1930"]
[BlackElo "2229"]
[PlyCount "157"]
[EventDate "2004.??.??"]
[SourceDate "2005.01.01"]

1. e4 c5 2. Nf3 Nc6 3. d4 cxd4 4. Nxd4 Nf6 5. Nc3 e5 6. Ndb5 d6 7. Bg5 a6 8.
Na3 b5 9. Nd5 Be7 10. Bxf6 Bxf6 11. c3 Bg5 12. Nc2 O-O 13. h4 Bh6 14. g4 Bf4
15. Nce3 Bxe3 16. Nxe3 Ne7 17. Nf5 Nxf5 18. gxf5 d5 19. f3 Bb7 20. Bd3 Qb6 21.
Qe2 Rac8 22. Qf2 Qh6 23. Qd2 Qb6 24. Ke2 Rfd8 25. Qg5 f6 26. Qg1 Qd6 27. Rd1 b4
28. c4 dxe4 29. Bxe4 Qxd1+ 30. Qxd1 Rxd1 31. Rxd1 Bxe4 32. fxe4 Rxc4 33. Rd8+
Kf7 34. Kd3 Rc6 35. Rd7+ Ke8 36. Rb7 Rd6+ 37. Ke3 Rd4 38. Rb8+ Ke7 39. Rb7+ Rd7
40. Rxb4 g6 41. Rb6 a5 42. Ra6 gxf5 43. exf5 Rd4 44. Ra7+ Kd6 45. Rxh7 Rf4 46.
h5 Rxf5 47. Ra7 Rxh5 48. Rxa5 Rh3+ 49. Ke4 Rh4+ 50. Ke3 Ke6 51. Rb5 f5 52. a3
Rh3+ 53. Kd2 Rh2+ 54. Kc3 f4 55. Rb8 Rh3+ 56. Kc4 Kf5 57. a4 Ke4 58. a5 f3 59.
Rf8 Ke3 60. a6 Rh7 61. b4 f2 62. b5 Rh4+ 63. Kc5 Rf4 64. Rxf4 exf4 65. a7 f1=Q
66. a8=Q Qc1+ 67. Kd6 f3 68. Qe8+ Kd2 69. Qf7 Qa3+ 70. Kc6 Qc3+ 71. Kb7 Ke2 72.
Qe6+ Qe3 73. Qa2+ Kf1 74. b6 f2 75. Ka8 Qe8+ 76. Ka7 Kg1 77. b7 Qe3+ 78. Ka8
f1=Q 79. b8=Q 0-1

[Event "3ème Open International de Nantes"]
[Site "Nantes"]
[Date "2004.12.29"]
[Round "6.5"]
[White "JAULIN, Philippe"]
[Black "CRITESCU, Florin"]
[Result "1-0"]
[WhiteElo "2141"]
[BlackElo "2010"]
[PlyCount "63"]
[EventDate "2004.??.??"]
[SourceDate "2005.01.01"]

1. e4 e6 2. d4 d5 3. Nc3 dxe4 4. Nxe4 Bd7 5. Nf3 Bc6 6. Bd3 Bxe4 7. Bxe4 c6 8.
O-O Nf6 9. Bd3 Bd6 10. c4 Nbd7 11. Re1 Qa5 12. c5 Be7 13. Bf4 Nd5 14. Bd2 Qc7
15. Bc4 N7f6 16. Ne5 Rd8 17. Qa4 b5 18. cxb6 Nxb6 19. Qb3 Rxd4 20. Bc3 Rh4 21.
g3 Rh5 22. Bxe6 fxe6 23. Qxe6 Rf8 24. Nxc6 Rf7 25. Bxf6 Rxf6 26. Qg8+ Rf8 27.
Qxg7 Rf7 28. Qg8+ Rf8 29. Qe6 Rf7 30. Nxe7 Rxe7 31. Qg8+ Kd7 32. Qg4+ 1-0

[Event "3ème Open International de Nantes"]
[Site "Nantes"]
[Date "2004.12.29"]
[Round "6.6"]
[White "PERRUSSET, Barbara"]
[Black "RIHOUAY, Clément"]
[Result "0-1"]
[WhiteElo "1850"]
[BlackElo "2116"]
[PlyCount "40"]
[EventDate "2004.??.??"]
[SourceDate "2005.01.01"]

1. d4 Nf6 2. Nf3 e6 3. c4 b6 4. g3 Ba6 5. e3 d5 6. Nbd2 Be7 7. b3 O-O 8. Bg2
Nbd7 9. O-O Rc8 10. Re1 c5 11. dxc5 Nxc5 12. Bf1 Qc7 13. Bb2 Rfd8 14. Rc1 dxc4
15. Bxf6 Bxf6 16. Bxc4 Bb7 17. Be2 Qb8 18. b4 Ne4 19. Rc2 Bc3 20. b5 Ba8 0-1

[Event "3ème Open International de Nantes"]
[Site "Nantes"]
[Date "2004.12.29"]
[Round "6.24"]
[White "VIDAL, Hugo"]
[Black "COBIGO, Jean-yves"]
[Result "1/2-1/2"]
[WhiteElo "1560"]
[BlackElo "1820"]
[PlyCount "41"]
[EventDate "2004.??.??"]
[SourceDate "2005.01.01"]

1. e4 Nf6 2. e5 Nd5 3. d4 d6 4. c4 Nb6 5. exd6 cxd6 6. Nc3 g6 7. Be3 Bg7 8. Be2
O-O 9. Nf3 Nc6 10. O-O Bg4 11. b3 Re8 12. h3 Bd7 13. Qd2 e6 14. c5 dxc5 15.
dxc5 Nd5 16. Nd4 Nxc3 17. Qxc3 Nxd4 18. Bxd4 e5 19. Be3 Bc6 20. Rad1 Qc7 21.
Qc2 1/2-1/2

[Event "3ème Open International de Nantes"]
[Site "Nantes"]
[Date "2004.12.29"]
[Round "6.28"]
[White "RELAIX, Alain"]
[Black "DELINOTTE, Mathieu"]
[Result "1-0"]
[WhiteElo "1470"]
[BlackElo "1890"]
[PlyCount "89"]
[EventDate "2004.??.??"]
[SourceDate "2005.01.01"]

1. e4 c5 2. Nf3 d6 3. Bc4 Nc6 4. c3 Nf6 5. d3 g6 6. Ng5 e6 7. Qf3 Bg7 8. Be3
Ne5 9. Bb5+ Bd7 10. Bxd7+ Nfxd7 11. Qd1 O-O 12. f4 Nc6 13. h4 h6 14. Nf3 h5 15.
Qd2 f5 16. Ng5 Qe7 17. Na3 e5 18. O-O-O a6 19. Nc4 b5 20. Na3 Bf6 21. exf5 gxf5
22. Qe2 exf4 23. Qxh5 fxe3 24. Qg6+ Qg7 25. Qxf5 Bxg5 26. Qd5+ Rf7 27. hxg5 Rc8
28. Rdf1 e2 29. Re1 b4 30. Nb1 Qe5 31. Qc4 bxc3 32. Nxc3 Qxg5+ 33. Kb1 Nd4 34.
Ne4 d5 35. Qxa6 Qd8 36. Qh6 Rg7 37. Qh8+ Kf7 38. Nd6+ Kf6 39. Rh6+ Kg5 40.
Qxg7+ Kf4 41. Qf7+ Ke3 42. Rh3+ Kd2 43. Rhh1 Rb8 44. Qf4+ Kxd3 45. Qg3+ 1-0

[Event "3ème Open International de Nantes"]
[Site "Nantes"]
[Date "2004.12.29"]
[Round "6.31"]
[White "ROUSSEL, Jérôme"]
[Black "FONTAINE, David"]
[Result "1-0"]
[WhiteElo "1650"]
[BlackElo "1820"]
[PlyCount "101"]
[EventDate "2004.??.??"]
[SourceDate "2005.01.01"]

1. e4 c5 2. Nf3 Nc6 3. d4 cxd4 4. Nxd4 g6 5. Nc3 Bg7 6. Be3 Nf6 7. Bc4 Qa5 8.
Qd2 Qb4 9. Bb3 Nxe4 10. Nxe4 Qxd2+ 11. Bxd2 Nxd4 12. Bg5 Nxb3 13. cxb3 h6 14.
Bc1 O-O 15. O-O f5 16. Nc3 Rd8 17. Re1 e6 18. Bf4 d5 19. Rac1 Bd7 20. Be5 Bxe5
21. Rxe5 Kf7 22. Ree1 d4 23. Nb1 Rac8 24. f4 Bb5 25. Kf2 Ke7 26. a3 d3 27. Rc3
a5 28. Ke3 g5 29. g3 gxf4+ 30. gxf4 d2 31. Rd1 Rxc3+ 32. bxc3 Rd3+ 33. Kf2 Bc6
34. Rxd2 Rf3+ 35. Kg1 Rxf4 36. b4 Be4 37. Rb2 Bxb1 38. Rxb1 axb4 39. cxb4 Rd4
40. Rb3 Rd2 41. Rh3 Ra2 42. Rxh6 Rxa3 43. Rh7+ Kd6 44. Rxb7 Ke5 45. Kg2 Kf4 46.
b5 e5 47. b6 Rb3 48. h4 e4 49. h5 Kg5 50. Rb8 Kxh5 51. b7 1-0

[Event "3ème Open International de Nantes"]
[Site "Nantes"]
[Date "2004.12.30"]
[Round "7.1"]
[White "DELORME, Alban"]
[Black "BRUNELLIERE, Pierre"]
[Result "1-0"]
[WhiteElo "2252"]
[BlackElo "2348"]
[PlyCount "65"]
[EventDate "2004.??.??"]
[SourceDate "2005.01.01"]

1. e4 e6 2. d4 d5 3. Nc3 Nf6 4. Bg5 Bb4 5. e5 h6 6. Be3 Ne4 7. Qg4 Kf8 8. a3
Bxc3+ 9. bxc3 c5 10. Bd3 Qa5 11. Ne2 Nc6 12. Bxe4 cxd4 13. Bd2 dxe4 14. cxd4
Qd5 15. Be3 Qc4 16. O-O b6 17. Ng3 Bb7 18. f3 exf3 19. Nh5 Rg8 20. Qxf3 Nd8 21.
Qg3 Qe2 22. Nf4 Qxc2 23. Rac1 Qe4 24. Rc7 Rc8 25. Ng6+ Qxg6 26. Qxg6 Rxc7 27.
Bd2 a5 28. Qb1 Rc6 29. Rc1 Rxc1+ 30. Bxc1 g5 31. Qxb6 Kg7 32. Qxa5 Be4 33. Qe1
1-0

[Event "3ème Open International de Nantes"]
[Site "Nantes"]
[Date "2004.12.30"]
[Round "7.2"]
[White "CROUAN, Stephane"]
[Black "MONROY, Charles"]
[Result "1-0"]
[WhiteElo "2229"]
[BlackElo "2299"]
[PlyCount "21"]
[EventDate "2004.??.??"]
[SourceDate "2005.01.01"]

1. e4 Nf6 2. e5 Nd5 3. d4 d6 4. Nf3 dxe5 5. Nxe5 c6 6. c4 Nb4 7. Be3 Bf5 8. Na3
Qa5 9. Bd2 e6 10. c5 b5 11. Qb3 1-0

[Event "3ème Open International de Nantes"]
[Site "Nantes"]
[Date "2004.12.30"]
[Round "7.3"]
[White "BERTHELOT, Yannick"]
[Black "JAULIN, Philippe"]
[Result "1-0"]
[WhiteElo "2298"]
[BlackElo "2141"]
[PlyCount "69"]
[EventDate "2004.??.??"]
[SourceDate "2005.01.01"]

1. e4 c5 2. Nf3 Nc6 3. d4 cxd4 4. Nxd4 Nf6 5. Nc3 e5 6. Ndb5 d6 7. Bg5 a6 8.
Na3 b5 9. Bxf6 gxf6 10. Nd5 Bg7 11. c3 f5 12. Bd3 Ne7 13. Nxe7 Qxe7 14. Nc2 O-O
15. O-O f4 16. Qh5 f5 17. exf5 d5 18. Qxh7+ Kxh7 19. f6+ e4 20. fxe7 Re8 21.
Be2 Rxe7 22. a4 f3 23. Bd1 bxa4 24. Rxa4 Bd7 25. Rb4 fxg2 26. Re1 Be5 27. Ne3
Rg7 28. Nxd5 Rh8 29. h4 Bc6 30. Rbxe4 Bb8 31. Re6 Bxd5 32. Bc2+ Kg8 33. Re8+
Kf7 34. Rxh8 Ba7 35. Rh7 1-0

[Event "3ème Open International de Nantes"]
[Site "Nantes"]
[Date "2004.12.30"]
[Round "7.4"]
[White "RIHOUAY, Clément"]
[Black "STAROSTITS, Ilmars"]
[Result "1/2-1/2"]
[WhiteElo "2116"]
[BlackElo "2460"]
[PlyCount "160"]
[EventDate "2004.??.??"]
[SourceDate "2005.01.01"]

1. e4 c5 2. Nf3 d6 3. d4 cxd4 4. Nxd4 Nf6 5. Nc3 g6 6. Be3 Bg7 7. f3 Nc6 8. Qd2
Bd7 9. Bc4 O-O 10. O-O-O Qa5 11. g4 Ne5 12. Bb3 b5 13. h4 Rfc8 14. h5 Rxc3 15.
Qxc3 Qxc3 16. bxc3 Rc8 17. hxg6 hxg6 18. Kb2 a5 19. a3 a4 20. Ba2 Bxg4 21. fxg4
Nexg4 22. Bg1 Nxe4 23. Rf1 Ngf6 24. Rh3 d5 25. Bh2 e6 26. Be5 Ng4 27. Bxg7 Kxg7
28. Rfh1 Ngf2 29. Rh7+ Kf6 30. Rf1 Ke7 31. Nxb5 g5 32. c4 dxc4 33. Nc3 Nf6 34.
Rg7 Nh3 35. Nxa4 Rb8+ 36. Kc3 Kf8 37. Rxf6 Kxg7 38. Rf1 g4 39. Bxc4 Rg8 40. Nc5
g3 41. Nxe6+ fxe6 42. Bxe6 g2 43. Bxh3 gxf1=Q 44. Bxf1 Kf6 45. Kb4 Ke5 46. Bb5
Rg2 47. c3 Rb2+ 48. Kc4 Kd6 49. a4 Ra2 50. Kd4 Ra1 51. Kc4 Kc7 52. Kc5 Kb7 53.
c4 Kc7 54. Kb4 Rb1+ 55. Kc5 Ra1 56. Kb4 Rb1+ 57. Kc5 Ra1 58. Kb4 Kb6 59. c5+
Kb7 60. Bc4 Rb1+ 61. Bb3 Kc6 62. a5 Kb7 63. Kc4 Kc6 64. Ba4+ Kb7 65. Bb3 Ka7
66. Kc3 Kb7 67. Kc4 Rb2 68. Kc3 Rh2 69. Kb4 Rf2 70. Kb5 Kc7 71. Bd5 Rb2+ 72.
Kc4 Rc2+ 73. Kb4 Rd2 74. Kc4 Ra2 75. Kb4 Ra1 76. Kb5 Rb1+ 77. Kc4 Kb8 78. a6
Ra1 79. Bb7 Kc7 80. Kb5 Rb1+ 1/2-1/2

[Event "3ème Open International de Nantes"]
[Site "Nantes"]
[Date "2004.12.30"]
[Round "7.5"]
[White "LECLERCQ, Benoit"]
[Black "SASU-DUCSOARA, Andreea"]
[Result "0-1"]
[WhiteElo "2015"]
[BlackElo "2247"]
[PlyCount "82"]
[EventDate "2004.??.??"]
[SourceDate "2005.01.01"]

1. d4 Nf6 2. c4 e6 3. Nf3 b6 4. g3 Ba6 5. Qc2 Bb4+ 6. Bd2 Be7 7. b4 c5 8. dxc5
bxc5 9. a3 O-O 10. Bg2 d5 11. cxd5 Nxd5 12. Nc3 Nd7 13. O-O Rc8 14. Rfc1 cxb4
15. axb4 Bxe2 16. Qe4 Bxf3 17. Qxf3 Nxb4 18. Rxa7 Ne5 19. Qe2 Bc5 20. Ra4 Ned3
21. Rf1 Nb2 22. Raa1 Qd3 23. Qxd3 N4xd3 24. Nd1 Nc4 25. Be3 Nxe3 26. Nxe3 Bxe3
27. fxe3 Rc3 28. Ra7 f6 29. Re7 Nc5 30. Rc7 Rd8 31. Rb1 Rd7 32. Rc6 Kf7 33. e4
e5 34. Re1 Na4 35. Ra6 Nb2 36. Bh3 Rdc7 37. Rf1 Re3 38. Bf5 h6 39. Ra2 Re2 40.
Ra6 Nd3 41. Rd6 Rcc2 0-1

[Event "3ème Open International de Nantes"]
[Site "Nantes"]
[Date "2004.12.30"]
[Round "7.6"]
[White "MACEDO-RASGADINHO, Joaquim"]
[Black "FLACHET, Thierry"]
[Result "0-1"]
[WhiteElo "1930"]
[BlackElo "2060"]
[PlyCount "52"]
[EventDate "2004.??.??"]
[SourceDate "2005.01.01"]

1. e4 e6 2. d4 d5 3. Nc3 Nf6 4. Bg5 Bb4 5. e5 h6 6. Bxf6 gxf6 7. Qd3 fxe5 8.
dxe5 c5 9. a3 Ba5 10. Kd1 Nc6 11. Nf3 a6 12. g3 Qc7 13. Bg2 Bd7 14. Qe2 O-O-O
15. Kc1 Bxc3 16. bxc3 Na5 17. Nd2 Bb5 18. Qe1 d4 19. f4 Bc6 20. Bxc6 Qxc6 21.
c4 d3 22. c3 b5 23. cxb5 axb5 24. Kb2 Nc4+ 25. Nxc4 bxc4 26. Qd2 Qb7+ 0-1

[Event "3ème Open International de Nantes"]
[Site "Nantes"]
[Date "2004.12.30"]
[Round "7.22"]
[White "LE PEN , Michel"]
[Black "GREGO, Pierre"]
[Result "1-0"]
[WhiteElo "1660"]
[BlackElo "1936"]
[PlyCount "105"]
[EventDate "2004.??.??"]
[SourceDate "2005.01.01"]

1. e4 e5 2. f4 Bc5 3. Bc4 d6 4. Nf3 Nf6 5. d3 Nc6 6. c3 O-O 7. f5 d5 8. exd5
Nxd5 9. g4 Nb6 10. Bb3 Re8 11. Bg5 Be7 12. h4 h6 13. Bxe7 Qxe7 14. Nbd2 Rd8 15.
Ne4 Nd5 16. Qd2 Nf6 17. Nxf6+ Qxf6 18. Qe3 b6 19. Kf2 Bb7 20. Rae1 Na5 21. Bc2
h5 22. Rhg1 hxg4 23. Rxg4 Qxf5 24. Rg5 Qxf3+ 25. Qxf3 Bxf3 26. Kxf3 f6 27. Rg6
c5 28. Reg1 Rd7 29. Rxf6 Rf7 30. Rxf7 Kxf7 31. Ke4 Re8 32. Bd1 Re7 33. b4 cxb4
34. cxb4 Nc6 35. Bb3+ Kf6 36. h5 g5 37. hxg6 Nd8 38. g7 Rxg7 39. Rxg7 Kxg7 40.
Kxe5 Nc6+ 41. Ke6 Nxb4 42. d4 Kf8 43. Kd7 a5 44. Bc4 a4 45. Kc7 a3 46. Kxb6 Ke7
47. Kc5 Nc2 48. d5 Ne3 49. d6+ Kd8 50. Be6 Nc2 51. Kc4 Ne3+ 52. Kb3 Nc2 53.
Kxc2 1-0